| 000 | 00951cam a22003014a 4500 | ||
|---|---|---|---|
| 001 | 6814 | ||
| 003 | FISKH | ||
| 005 | 20250529110304.0 | ||
| 008 | 040715s2005 gaua j 000 0 eng | ||
| 010 | _a 2004016585 | ||
| 020 | _a1561453285 | ||
| 020 | _a9781561454495 | ||
| 040 |
_aDLC _cDLC _dDLC _beng |
||
| 050 | _aQL762 .S74 | ||
| 082 | _a591.56 | ||
| 100 | 1 | _aStockdale, Susan. | |
| 245 | 1 | 0 |
_aCarry me! : _banimal babies on the move / _cwritten and illustrated by Susan Stockdale. |
| 260 |
_aAtlanta : _bPeachtree Publishers, _c2005. |
||
| 300 |
_a32 unnumbered pages : _bcolor illustrations ; _c24 x 27 cm. |
||
| 505 | _aE | ||
| 520 | _aLearn how animal parents transport and care for their young. | ||
| 521 | 8 |
_a160
_bLexile estimate |
|
| 521 | 8 |
_aE
_bRaz-Plus |
|
| 650 | 0 |
_aParental behavior in animals _vJuvenile literature. |
|
| 906 |
_a7 _bcbc _corignew _d1 _eecip _f20 _gy-gencatlg |
||
| 942 |
_2ddc _cBK _n0 |
||
| 999 |
_c6814 _d6814 |
||